000 00547nam a22001817a 4500
005 20240130133402.0
008 240130b |||||||| |||| 00| 0 eng d
020 _a9780639012780
041 _aEnglish
082 _a346.6 BOT
100 _aBotha, M
_lEnglish
245 _aCorporate and Personal Financial Planning /
_cM Botha
250 _aFirst Edition
260 _aDurban :
_bLexisNexis (Pty) Ltd,
_c2019
300 _bvii, 221 pages ;
_c25 cm.
650 _aLegal practice
_bLaw
942 _cBK
_6ALISON_BN_VRIES
999 _c1310
_d1310